Stemmi Squadre di calcio - Serie A - Quiz n°5 - Statistics

Statistiche generali
  • Questo quiz è stato fatto 1.198 volte
    1.185 dall'ultimo reset
  • Il punteggio medio è 10 su 10
Statistiche sulle risposte
con Immagini Risposta % Corretto
Delfino Pescara 1936
100%
Unione Sportiva Catanzaro 1929
100%
Casertana Football Club
99%
Associazione Calcistica Perugia Calcio
97%
Associazione Sportiva Roma
97%
Chieti F.C. 1922
97%
Football Club Trapani 1905
97%
Mantova 1911
97%
Modena Football Club 2018
84%
Football Club Pro Vercelli 1892
83%
Nessun quiz corrispondente trovato
Distribuzione punteggi
Percentuale di utenti per punteggio
Percentile per numero di risposta
I tuoi punteggi nel tempo
Non hai fatto questo quiz dall'ultimo reset